[Event "Deutsche Ländermeisterschaft 2023"]
[Site "Hannover GER"]
[Date "2023.10.01"]
[Round "2"]
[White "Weber, Nikita"]
[Black "Köpnick, Amanda"]
[Result "1-0"]
[Termination "normal"]
[Board "4.5"]
[WhiteElo "1865"]
[BlackElo "1333"]
[WhiteClock "01:37:57"]
[BlackClock "00:28:06"]
[WhiteTeam "Rheinland-Pfalz"]
[BlackTeam "Mecklenburg-Vorpommern"]
[PlyCount "107"]
[WhiteFideId "34608770"]
[BlackFideId "34618538"]
[EventCountry "GER"]
[EventRounds "7"]
[EventType "team-swiss"]
[EventDate "2023.09.30"]

1. c4 {[%clk 01:30:57]} {[%emt 00:00:02]} Nf6 {[%clk 01:30:54]} {[%emt
00:00:07]} 2. Nc3 {[%clk 01:31:24]} {[%emt 00:00:03]} e6 {[%clk 01:31:05]}
{[%emt 00:00:19]} 3. g3 {[%clk 01:31:34]} {[%emt 00:00:20]} d5 {[%clk
01:28:58]} {[%emt 00:02:38]} 4. cxd5 {[%clk 01:32:03]} {[%emt 00:00:02]} exd5
{[%clk 01:28:37]} {[%emt 00:00:50]} 5. d4 {[%clk 01:32:15]} {[%emt 00:00:18]}
Bb4 {[%clk 01:27:21]} {[%emt 00:01:47]} 6. Bg5 {[%clk 01:32:29]} {[%emt
00:00:15]} Be6 {[%clk 01:25:57]} {[%emt 00:01:54]} 7. Nf3 {[%clk 01:32:11]}
{[%emt 00:00:48]} O-O {[%clk 01:24:14]} {[%emt 00:02:12]} 8. Bg2 {[%clk
01:32:35]} {[%emt 00:00:06]} Nbd7 {[%clk 01:17:50]} {[%emt 00:06:54]} 9. O-O
{[%clk 01:32:51]} {[%emt 00:00:14]} Be7 {[%clk 01:17:48]} {[%emt 00:00:33]} 10.
Rc1 {[%clk 01:30:23]} {[%emt 00:02:58]} Re8 {[%clk 01:17:08]} {[%emt 00:01:10]}
11. Qc2 {[%clk 01:30:22]} {[%emt 00:00:31]} Nf8 {[%clk 01:15:00]} {[%emt
00:02:38]} 12. Rfd1 {[%clk 01:30:04]} {[%emt 00:00:47]} Ng6 {[%clk 01:14:02]}
{[%emt 00:01:29]} 13. Ne5 {[%clk 01:27:42]} {[%emt 00:02:53]} Ng4 {[%clk
01:09:27]} {[%emt 00:05:04]} 14. Bxe7 {[%clk 01:27:49]} {[%emt 00:00:23]} Nxe7
{[%clk 01:08:02]} {[%emt 00:01:56]} 15. Nxg4 {[%clk 01:28:08]} {[%emt
00:00:11]} Bxg4 {[%clk 01:08:14]} {[%emt 00:00:17]} 16. Qb3 {[%clk 01:26:58]}
{[%emt 00:01:40]} Rb8 {[%clk 01:00:06]} {[%emt 00:08:39]} 17. h3 {[%clk
01:20:39]} {[%emt 00:06:49]} Be6 {[%clk 00:59:41]} {[%emt 00:00:54]} 18. Na4
{[%clk 01:18:14]} {[%emt 00:02:54]} c6 {[%clk 00:58:32]} {[%emt 00:01:39]} 19.
Nc5 {[%clk 01:18:37]} {[%emt 00:00:07]} Nf5 {[%clk 00:53:31]} {[%emt 00:05:31]}
20. Qf3 {[%clk 01:17:26]} {[%emt 00:01:40]} Nd6 {[%clk 00:53:08]} {[%emt
00:00:53]} 21. b3 {[%clk 01:14:48]} {[%emt 00:03:08]} Qc8 {[%clk 00:51:13]}
{[%emt 00:02:25]} 22. Qf4 {[%clk 01:12:23]} {[%emt 00:02:55]} Nb5 {[%clk
00:44:49]} {[%emt 00:06:54]} 23. a4 {[%clk 01:12:14]} {[%emt 00:00:39]} Nc7
{[%clk 00:43:56]} {[%emt 00:01:23]} 24. Kh2 {[%clk 01:12:26]} {[%emt 00:00:18]}
Re7 {[%clk 00:37:35]} {[%emt 00:06:51]} 25. Re1 {[%clk 01:09:17]} {[%emt
00:03:39]} Ne8 {[%clk 00:35:43]} {[%emt 00:02:22]} 26. e4 {[%clk 01:09:06]}
{[%emt 00:00:41]} Qc7 {[%clk 00:31:50]} {[%emt 00:04:23]} 27. exd5 {[%clk
01:08:22]} {[%emt 00:01:14]} Qxf4 {[%clk 00:28:18]} {[%emt 00:04:03]} 28. gxf4
{[%clk 01:08:50]} {[%emt 00:00:02]} cxd5 {[%clk 00:24:31]} {[%emt 00:04:17]}
29. f5 {[%clk 01:09:03]} {[%emt 00:00:17]} Nc7 {[%clk 00:22:26]} {[%emt
00:02:35]} 30. fxe6 {[%clk 01:09:24]} {[%emt 00:00:09]} fxe6 {[%clk 00:22:01]}
{[%emt 00:00:55]} 31. Re2 {[%clk 01:09:26]} {[%emt 00:00:28]} b6 {[%clk
00:20:04]} {[%emt 00:02:28]} 32. Nd3 {[%clk 01:09:54]} {[%emt 00:00:01]} b5
{[%clk 00:17:40]} {[%emt 00:02:54]} 33. Ne5 {[%clk 01:07:46]} {[%emt 00:02:38]}
Rb7 {[%clk 00:13:08]} {[%emt 00:05:02]} 34. axb5 {[%clk 01:08:01]} {[%emt
00:00:15]} Rxb5 {[%clk 00:12:38]} {[%emt 00:01:01]} 35. Rec2 {[%clk 01:08:23]}
{[%emt 00:00:08]} Ne8 {[%clk 00:11:27]} {[%emt 00:01:41]} 36. b4 {[%clk
01:08:31]} {[%emt 00:00:21]} g6 {[%clk 00:11:10]} {[%emt 00:00:48]} 37. Rc5
{[%clk 01:08:41]} {[%emt 00:00:20]} Rbb7 {[%clk 00:10:09]} {[%emt 00:01:31]}
38. Re1 {[%clk 01:08:12]} {[%emt 00:00:59]} Nd6 {[%clk 00:07:41]} {[%emt
00:02:58]} 39. Ng4 {[%clk 01:07:20]} {[%emt 00:01:22]} Nf5 {[%clk 00:07:15]}
{[%emt 00:00:56]} 40. Rc8+ {[%clk 01:07:37]} {[%emt 00:00:12]} Kg7 {[%clk
00:06:58]} {[%emt 00:00:48]} 41. Ne5 {[%clk 01:06:13]} {[%emt 00:01:54]} Nxd4
{[%clk 00:05:53]} {[%emt 00:01:34]} 42. Nc6 {[%clk 01:06:40]} {[%emt 00:00:04]}
Nxc6 {[%clk 00:05:34]} {[%emt 00:00:49]} 43. Rxc6 {[%clk 01:07:08]} {[%emt
00:00:02]} Rxb4 {[%clk 00:04:57]} {[%emt 00:01:08]} 44. Bxd5 {[%clk 01:07:09]}
{[%emt 00:00:29]} e5 {[%clk 00:04:00]} {[%emt 00:01:26]} 45. Ra6 {[%clk
01:06:52]} {[%emt 00:00:47]} Rd4 {[%clk 00:02:36]} {[%emt 00:01:55]} 46. Bg2
{[%clk 01:07:00]} {[%emt 00:00:21]} Rf4 {[%clk 00:01:52]} {[%emt 00:01:14]} 47.
Kg3 {[%clk 01:07:20]} {[%emt 00:00:11]} g5 {[%clk 00:01:04]} {[%emt 00:01:18]}
48. Rea1 {[%clk 01:06:02]} {[%emt 00:01:48]} Rff7 {[%clk 00:30:15]} {[%emt
00:01:19]} 49. Bd5 {[%clk 01:36:23]} {[%emt 00:00:08]} Rf6 {[%clk 00:28:36]}
{[%emt 00:02:09]} 50. Rxa7 {[%clk 01:36:34]} {[%emt 00:00:19]} Rxa7 {[%clk
00:29:01]} {[%emt 00:00:05]} 51. Rxa7+ {[%clk 01:37:00]} {[%emt 00:00:04]} Kh6
{[%clk 00:28:44]} {[%emt 00:00:47]} 52. Be4 {[%clk 01:37:28]} {[%emt 00:00:01]}
g4 {[%clk 00:28:22]} {[%emt 00:00:52]} 53. Kh4 {[%clk 01:37:57]} {[%emt
00:00:02]} g3 {[%clk 00:28:06]} {[%emt 00:00:46]} 54. Rxh7# {[%emt 00:00:03]}
1-0

[Event "Deutsche Ländermeisterschaft 2023"]
[Site "Hannover GER"]
[Date "2023.10.01"]
[Round "2"]
[White "Chandrasekher, Ritu"]
[Black "Müller, Riyanna"]
[Result "0-1"]
[Termination "normal"]
[Board "4.6"]
[WhiteElo "1344"]
[BlackElo "1778"]
[WhiteClock "00:34:57"]
[BlackClock "00:43:31"]
[WhiteTeam "Mecklenburg-Vorpommern"]
[BlackTeam "Rheinland-Pfalz"]
[PlyCount "112"]
[WhiteFideId "34609024"]
[BlackFideId "16287401"]
[EventCountry "GER"]
[EventRounds "7"]
[EventType "team-swiss"]
[EventDate "2023.09.30"]

1. e4 {[%clk 01:30:55]} {[%emt 00:00:03]} d5 {[%clk 01:30:50]} {[%emt
00:00:10]} 2. exd5 {[%clk 01:31:07]} {[%emt 00:00:18]} Qxd5 {[%clk 01:31:13]}
{[%emt 00:00:08]} 3. Nc3 {[%clk 01:31:19]} {[%emt 00:00:18]} Qd6 {[%clk
01:31:29]} {[%emt 00:00:14]} 4. d4 {[%clk 01:30:45]} {[%emt 00:01:03]} Nf6
{[%clk 01:31:37]} {[%emt 00:00:22]} 5. Nf3 {[%clk 01:31:00]} {[%emt 00:00:15]}
a6 {[%clk 01:31:40]} {[%emt 00:00:28]} 6. Be2 {[%clk 01:30:29]} {[%emt
00:01:00]} Nc6 {[%clk 01:30:25]} {[%emt 00:01:45]} 7. O-O {[%clk 01:29:36]}
{[%emt 00:01:24]} Bf5 {[%clk 01:29:47]} {[%emt 00:01:08]} 8. a3 {[%clk
01:28:00]} {[%emt 00:02:05]} e6 {[%clk 01:29:11]} {[%emt 00:01:06]} 9. Be3
{[%clk 01:27:06]} {[%emt 00:01:24]} Be7 {[%clk 01:28:14]} {[%emt 00:01:26]} 10.
Qd2 {[%clk 01:25:08]} {[%emt 00:02:28]} O-O {[%clk 01:24:23]} {[%emt 00:04:21]}
11. Nh4 {[%clk 01:21:47]} {[%emt 00:03:51]} Ng4 {[%clk 01:15:47]} {[%emt
00:09:06]} 12. Bf4 {[%clk 01:15:14]} {[%emt 00:07:04]} Qxd4 {[%clk 01:15:25]}
{[%emt 00:00:52]} 13. Qxd4 {[%clk 01:14:55]} {[%emt 00:00:49]} Nxd4 {[%clk
01:15:41]} {[%emt 00:00:15]} 14. Nxf5 {[%clk 01:14:50]} {[%emt 00:00:34]} Nxe2+
{[%clk 01:15:22]} {[%emt 00:00:48]} 15. Nxe2 {[%clk 01:14:32]} {[%emt
00:00:48]} exf5 {[%clk 01:15:43]} {[%emt 00:00:10]} 16. Bxc7 {[%clk 01:12:15]}
{[%emt 00:02:47]} Rac8 {[%clk 01:15:45]} {[%emt 00:00:28]} 17. Ba5 {[%clk
01:06:51]} {[%emt 00:05:55]} Rxc2 {[%clk 01:14:37]} {[%emt 00:01:37]} 18. Nd4
{[%clk 01:06:42]} {[%emt 00:00:39]} Rxb2 {[%clk 01:12:05]} {[%emt 00:03:02]}
19. Nxf5 {[%clk 01:06:02]} {[%emt 00:01:10]} Bc5 {[%clk 01:11:57]} {[%emt
00:00:33]} 20. Bc3 {[%clk 01:03:28]} {[%emt 00:03:07]} Rxf2 {[%clk 01:09:46]}
{[%emt 00:02:42]} 21. Rxf2 {[%clk 01:03:09]} {[%emt 00:00:49]} Bxf2+ {[%clk
01:09:23]} {[%emt 00:00:53]} 22. Kf1 {[%clk 01:01:39]} {[%emt 00:02:00]} Ne3+
{[%clk 01:08:50]} {[%emt 00:01:03]} 23. Kxf2 {[%clk 01:01:09]} {[%emt
00:01:00]} Nxf5 {[%clk 01:09:09]} {[%emt 00:00:12]} 24. Bb4 {[%clk 01:00:20]}
{[%emt 00:01:18]} Rc8 {[%clk 01:07:46]} {[%emt 00:01:50]} 25. Rd1 {[%clk
00:58:48]} {[%emt 00:02:06]} Rc2+ {[%clk 01:01:55]} {[%emt 00:06:20]} 26. Kf3
{[%clk 00:57:00]} {[%emt 00:02:17]} g6 {[%clk 01:02:09]} {[%emt 00:00:16]} 27.
g4 {[%clk 00:55:40]} {[%emt 00:01:50]} Nh4+ {[%clk 00:59:44]} {[%emt 00:02:49]}
28. Kg3 {[%clk 00:54:36]} {[%emt 00:01:41]} g5 {[%clk 00:58:59]} {[%emt
00:01:15]} 29. Rd8+ {[%clk 00:54:18]} {[%emt 00:00:48]} Kg7 {[%clk 00:59:09]}
{[%emt 00:00:20]} 30. Rd7 {[%clk 00:51:20]} {[%emt 00:03:28]} Rg2+ {[%clk
00:58:14]} {[%emt 00:01:25]} 31. Kh3 {[%clk 00:51:39]} {[%emt 00:00:11]} Rf2
{[%clk 00:57:59]} {[%emt 00:00:44]} 32. Bc3+ {[%clk 00:49:52]} {[%emt
00:02:18]} Kg6 {[%clk 00:54:58]} {[%emt 00:03:23]} 33. Rd6+ {[%clk 00:47:59]}
{[%emt 00:02:31]} f6 {[%clk 00:55:14]} {[%emt 00:00:14]} 34. Rd3 {[%clk
00:46:43]} {[%emt 00:01:46]} Rf3+ {[%clk 00:55:14]} {[%emt 00:00:30]} 35. Rxf3
{[%clk 00:47:07]} {[%emt 00:00:06]} Nxf3 {[%clk 00:55:36]} {[%emt 00:00:07]}
36. Kg3 {[%clk 00:46:58]} {[%emt 00:00:38]} Ne5 {[%clk 00:55:51]} {[%emt
00:00:15]} 37. a4 {[%clk 00:43:50]} {[%emt 00:03:39]} b5 {[%clk 00:51:32]}
{[%emt 00:04:50]} 38. axb5 {[%clk 00:42:40]} {[%emt 00:01:40]} axb5 {[%clk
00:51:56]} {[%emt 00:00:05]} 39. h3 {[%clk 00:40:37]} {[%emt 00:02:32]} Kf7
{[%clk 00:50:39]} {[%emt 00:01:48]} 40. h4 {[%clk 00:38:25]} {[%emt 00:02:42]}
gxh4+ {[%clk 00:49:54]} {[%emt 00:01:16]} 41. Kxh4 {[%clk 00:38:34]} {[%emt
00:00:21]} Nc6 {[%clk 00:49:08]} {[%emt 00:01:16]} 42. g5 {[%clk 00:36:43]}
{[%emt 00:02:21]} f5 {[%clk 00:48:36]} {[%emt 00:01:02]} 43. Kg3 {[%clk
00:36:14]} {[%emt 00:00:59]} b4 {[%clk 00:44:43]} {[%emt 00:04:23]} 44. Bf6
{[%clk 00:35:55]} {[%emt 00:00:48]} b3 {[%clk 00:42:58]} {[%emt 00:02:16]} 45.
Kf3 {[%clk 00:34:41]} {[%emt 00:01:43]} Ke6 {[%clk 00:41:43]} {[%emt 00:01:46]}
46. Ke3 {[%clk 00:34:31]} {[%emt 00:00:38]} Ne5 {[%clk 00:41:50]} {[%emt
00:00:25]} 47. Kd2 {[%clk 00:34:26]} {[%emt 00:00:35]} f4 {[%clk 00:41:26]}
{[%emt 00:00:54]} 48. Bd8 {[%clk 00:33:39]} {[%emt 00:01:17]} f3 {[%clk
00:41:42]} {[%emt 00:00:14]} 49. Bb6 {[%clk 00:33:29]} {[%emt 00:00:40]} Nc4+
{[%clk 00:41:54]} {[%emt 00:00:19]} 50. Kc3 {[%clk 00:33:47]} {[%emt 00:00:12]}
Nxb6 {[%clk 00:42:17]} {[%emt 00:00:07]} 51. Kxb3 {[%clk 00:34:07]} {[%emt
00:00:09]} f2 {[%clk 00:42:36]} {[%emt 00:00:11]} 52. Kb4 {[%clk 00:34:04]}
{[%emt 00:00:33]} f1=Q {[%clk 00:42:56]} {[%emt 00:00:10]} 53. g6 {[%clk
00:34:21]} {[%emt 00:00:13]} hxg6 {[%clk 00:43:08]} {[%emt 00:00:18]} 54. Kc5
{[%clk 00:34:38]} {[%emt 00:00:13]} Qc4+ {[%clk 00:42:56]} {[%emt 00:00:42]}
55. Kxb6 {[%clk 00:34:53]} {[%emt 00:00:15]} Kd7 {[%clk 00:43:11]} {[%emt
00:00:14]} 56. Kb7 {[%clk 00:34:57]} {[%emt 00:00:27]} Qb4+ {[%clk 00:43:31]}
{[%emt 00:00:10]} 0-1

[Event "Deutsche Ländermeisterschaft 2023"]
[Site "Hannover GER"]
[Date "2023.10.01"]
[Round "2"]
[White "Vranckx, Oscar"]
[Black "Schröder, Hannes Artur"]
[Result "1/2-1/2"]
[Termination "normal"]
[Board "4.7"]
[WhiteElo "1663"]
[BlackElo "1261"]
[WhiteClock "01:35:03"]
[BlackClock "01:04:32"]
[WhiteTeam "Rheinland-Pfalz"]
[BlackTeam "Mecklenburg-Vorpommern"]
[PlyCount "58"]
[WhiteFideId "34608788"]
[BlackFideId "34608818"]
[EventCountry "GER"]
[EventRounds "7"]
[EventType "team-swiss"]
[EventDate "2023.09.30"]

1. e4 {[%clk 01:30:58]} {[%emt 00:00:01]} e5 {[%clk 01:30:59]} {[%emt
00:00:02]} 2. Nf3 {[%clk 01:31:22]} {[%emt 00:00:07]} Nc6 {[%clk 01:31:19]}
{[%emt 00:00:10]} 3. Bc4 {[%clk 01:31:46]} {[%emt 00:00:05]} Nf6 {[%clk
01:30:56]} {[%emt 00:00:53]} 4. d3 {[%clk 01:32:12]} {[%emt 00:00:05]} Bc5
{[%clk 01:30:20]} {[%emt 00:01:05]} 5. O-O {[%clk 01:32:33]} {[%emt 00:00:09]}
d6 {[%clk 01:30:10]} {[%emt 00:00:40]} 6. c3 {[%clk 01:32:57]} {[%emt
00:00:06]} Bg4 {[%clk 01:30:14]} {[%emt 00:00:25]} 7. Nbd2 {[%clk 01:33:04]}
{[%emt 00:00:24]} Ne7 {[%clk 01:30:19]} {[%emt 00:00:25]} 8. Qb3 {[%clk
01:33:10]} {[%emt 00:00:24]} O-O {[%clk 01:28:45]} {[%emt 00:02:04]} 9. d4
{[%clk 01:33:24]} {[%emt 00:00:17]} exd4 {[%clk 01:28:03]} {[%emt 00:01:11]}
10. cxd4 {[%emt 00:00:07]} Bb6 {[%clk 01:27:42]} {[%emt 00:00:49]} 11. Bd3
{[%clk 01:33:14]} {[%emt 00:01:05]} Ng6 {[%clk 01:26:05]} {[%emt 00:02:07]} 12.
h3 {[%clk 01:33:19]} {[%emt 00:00:25]} Be6 {[%clk 01:25:00]} {[%emt 00:01:35]}
13. Qc2 {[%clk 01:33:28]} {[%emt 00:00:22]} Re8 {[%clk 01:24:39]} {[%emt
00:00:51]} 14. Re1 {[%clk 01:33:15]} {[%emt 00:00:43]} Qc8 {[%clk 01:23:38]}
{[%emt 00:01:31]} 15. e5 {[%clk 01:32:12]} {[%emt 00:01:33]} dxe5 {[%clk
01:22:25]} {[%emt 00:01:42]} 16. dxe5 {[%clk 01:32:33]} {[%emt 00:00:09]} Nd5
{[%clk 01:22:05]} {[%emt 00:00:49]} 17. Nf1 {[%clk 01:31:53]} {[%emt 00:01:11]}
Ndf4 {[%clk 01:21:18]} {[%emt 00:01:17]} 18. Bxf4 {[%clk 01:31:42]} {[%emt
00:00:42]} Nxf4 {[%clk 01:21:17]} {[%emt 00:00:30]} 19. Bxh7+ {[%clk 01:31:49]}
{[%emt 00:00:23]} Kh8 {[%clk 01:21:31]} {[%emt 00:00:16]} 20. Ng5 {[%clk
01:32:15]} {[%emt 00:00:05]} g6 {[%clk 01:19:12]} {[%emt 00:02:49]} 21. Qe4
{[%clk 01:32:41]} {[%emt 00:00:05]} Nh5 {[%clk 01:10:49]} {[%emt 00:08:52]} 22.
Bxg6 {[%clk 01:32:59]} {[%emt 00:00:12]} fxg6 {[%clk 01:09:10]} {[%emt
00:02:09]} 23. Qxg6 {[%clk 01:33:21]} {[%emt 00:00:09]} Qd7 {[%clk 01:09:11]}
{[%emt 00:00:27]} 24. Qxh5+ {[%clk 01:33:38]} {[%emt 00:00:15]} Kg8 {[%clk
01:08:52]} {[%emt 00:00:47]} 25. Ne4 {[%clk 01:34:04]} {[%emt 00:00:06]} Qf7
{[%clk 01:06:53]} {[%emt 00:02:28]} 26. Nf6+ {[%clk 01:33:52]} {[%emt
00:00:42]} Kf8 {[%clk 01:06:25]} {[%emt 00:00:58]} 27. Qh8+ {[%clk 01:34:12]}
{[%emt 00:00:10]} Ke7 {[%clk 01:06:23]} {[%emt 00:00:31]} 28. Nxe8 {[%clk
01:34:36]} {[%emt 00:00:07]} Qxf2+ {[%clk 01:04:53]} {[%emt 00:01:59]} 29. Kh2
{[%clk 01:35:03]} {[%emt 00:00:04]} Qg1+ {[%clk 01:04:32]} {[%emt 00:00:50]}
1/2-1/2

[Event "Deutsche Ländermeisterschaft 2023"]
[Site "Hannover GER"]
[Date "2023.10.01"]
[Round "2"]
[White "Briese, Sophie"]
[Black "Mader, Theresa"]
[Result "0-1"]
[Termination "normal"]
[Board "4.8"]
[WhiteElo "1240"]
[BlackElo "1284"]
[WhiteClock "00:50:32"]
[BlackClock "00:00:53"]
[WhiteTeam "Mecklenburg-Vorpommern"]
[BlackTeam "Rheinland-Pfalz"]
[PlyCount "100"]
[WhiteFideId "34660305"]
[BlackFideId "34605657"]
[EventCountry "GER"]
[EventRounds "7"]
[EventType "team-swiss"]
[EventDate "2023.09.30"]

1. e4 {[%clk 01:30:56]} {[%emt 00:00:03]} c6 {[%clk 01:30:51]} {[%emt
00:00:09]} 2. Nf3 {[%clk 01:31:01]} {[%emt 00:00:25]} d5 {[%clk 01:30:54]}
{[%emt 00:00:28]} 3. exd5 {[%clk 01:30:18]} {[%emt 00:01:13]} cxd5 {[%clk
01:31:11]} {[%emt 00:00:13]} 4. d4 {[%clk 01:30:37]} {[%emt 00:00:11]} Nc6
{[%clk 01:31:09]} {[%emt 00:00:33]} 5. Nc3 {[%clk 01:30:21]} {[%emt 00:00:46]}
Nf6 {[%clk 01:31:02]} {[%emt 00:00:37]} 6. Bb5 {[%clk 01:28:15]} {[%emt
00:02:36]} Bd7 {[%clk 01:26:57]} {[%emt 00:04:35]} 7. Ne5 {[%clk 01:26:37]}
{[%emt 00:02:07]} Rc8 {[%clk 01:24:40]} {[%emt 00:02:48]} 8. Nxd7 {[%clk
01:26:16]} {[%emt 00:00:50]} Nxd7 {[%clk 01:24:26]} {[%emt 00:00:44]} 9. Nxd5
{[%clk 01:25:18]} {[%emt 00:01:28]} e6 {[%clk 01:22:28]} {[%emt 00:02:28]} 10.
Nc3 {[%clk 01:24:53]} {[%emt 00:00:55]} a6 {[%clk 01:19:04]} {[%emt 00:03:55]}
11. Be2 {[%clk 01:23:45]} {[%emt 00:01:37]} Nf6 {[%clk 01:16:55]} {[%emt
00:02:40]} 12. Be3 {[%clk 01:22:59]} {[%emt 00:01:15]} Bb4 {[%clk 01:16:02]}
{[%emt 00:01:24]} 13. Qd2 {[%clk 01:22:30]} {[%emt 00:00:58]} Ne4 {[%clk
01:14:57]} {[%emt 00:01:35]} 14. Qd3 {[%clk 01:22:03]} {[%emt 00:00:58]} Nxc3
{[%clk 01:12:06]} {[%emt 00:03:21]} 15. bxc3 {[%clk 01:22:03]} {[%emt
00:00:28]} Ba5 {[%clk 01:09:14]} {[%emt 00:03:24]} 16. O-O {[%clk 01:22:00]}
{[%emt 00:00:32]} O-O {[%clk 01:06:04]} {[%emt 00:03:40]} 17. Rab1 {[%clk
01:21:25]} {[%emt 00:01:05]} b5 {[%clk 01:00:50]} {[%emt 00:05:44]} 18. Bd2
{[%clk 01:20:41]} {[%emt 00:01:14]} Qf6 {[%clk 00:54:13]} {[%emt 00:07:07]} 19.
Qg3 {[%clk 01:20:16]} {[%emt 00:00:54]} Nxd4 {[%clk 00:53:04]} {[%emt
00:01:40]} 20. cxd4 {[%clk 01:19:30]} {[%emt 00:01:16]} Bxd2 {[%clk 00:53:08]}
{[%emt 00:00:26]} 21. Qd3 {[%clk 01:19:06]} {[%emt 00:00:53]} Bc3 {[%clk
00:50:54]} {[%emt 00:02:44]} 22. Rfd1 {[%clk 01:18:46]} {[%emt 00:00:49]} Rfd8
{[%clk 00:49:40]} {[%emt 00:01:46]} 23. Qf3 {[%clk 01:15:23]} {[%emt 00:03:51]}
Bxd4 {[%clk 00:45:51]} {[%emt 00:04:21]} 24. Qxf6 {[%clk 01:14:48]} {[%emt
00:01:05]} Bxf6 {[%clk 00:45:49]} {[%emt 00:00:33]} 25. Rxd8+ {[%clk 01:13:31]}
{[%emt 00:01:47]} Rxd8 {[%clk 00:43:42]} {[%emt 00:02:38]} 26. c4 {[%clk
01:12:06]} {[%emt 00:01:54]} bxc4 {[%clk 00:41:59]} {[%emt 00:02:13]} 27. Bxc4
{[%clk 01:12:13]} {[%emt 00:00:23]} a5 {[%clk 00:41:47]} {[%emt 00:00:42]} 28.
g3 {[%clk 01:11:25]} {[%emt 00:01:18]} g6 {[%clk 00:39:58]} {[%emt 00:02:20]}
29. Rb5 {[%clk 01:10:39]} {[%emt 00:01:16]} Ra8 {[%clk 00:35:18]} {[%emt
00:05:10]} 30. Be2 {[%clk 01:10:19]} {[%emt 00:00:49]} a4 {[%clk 00:29:08]}
{[%emt 00:06:41]} 31. a3 {[%clk 01:10:03]} {[%emt 00:00:46]} Be7 {[%clk
00:28:36]} {[%emt 00:01:02]} 32. Bf3 {[%clk 01:06:38]} {[%emt 00:03:54]} Ra6
{[%clk 00:27:53]} {[%emt 00:01:14]} 33. Be2 {[%clk 01:06:10]} {[%emt 00:00:57]}
Ra7 {[%clk 00:27:31]} {[%emt 00:00:53]} 34. Rb1 {[%clk 01:04:41]} {[%emt
00:01:59]} Bxa3 {[%clk 00:27:10]} {[%emt 00:00:52]} 35. Ra1 {[%clk 01:04:41]}
{[%emt 00:00:30]} Bf8 {[%clk 00:24:14]} {[%emt 00:03:25]} 36. Bb5 {[%clk
01:04:24]} {[%emt 00:00:46]} a3 {[%clk 00:23:57]} {[%emt 00:00:48]} 37. Ra2
{[%clk 01:04:45]} {[%emt 00:00:09]} Rb7 {[%clk 00:22:44]} {[%emt 00:01:43]} 38.
Bc6 {[%clk 01:04:50]} {[%emt 00:00:24]} Rb6 {[%clk 00:22:34]} {[%emt 00:00:41]}
39. Bg2 {[%clk 01:04:57]} {[%emt 00:00:21]} f5 {[%clk 00:22:03]} {[%emt
00:01:02]} 40. Bf1 {[%clk 01:04:57]} {[%emt 00:00:30]} Rb1 {[%emt 00:08:17]}
41. Kg2 e5 42. Rd2 e4 {[%clk 00:14:16]} 43. Rd7 {[%clk 01:04:50]} Rc1 {[%clk
00:05:15]} {[%emt 00:15:09]} 44. Ra7 {[%clk 00:58:53]} Rc2 {[%clk 00:03:56]}
{[%emt 00:05:14]} 45. Kg1 {[%clk 00:57:47]} {[%emt 00:01:36]} a2 {[%clk
00:02:04]} {[%emt 00:02:23]} 46. Ra4 {[%clk 00:57:46]} {[%emt 00:00:30]} Kg7
{[%clk 00:01:49]} 47. Ra7+ {[%clk 00:53:21]} {[%emt 00:05:41]} Kh6 {[%clk
00:01:39]} {[%emt 00:00:41]} 48. h3 {[%clk 00:51:40]} {[%emt 00:02:10]} Bg7
{[%clk 00:00:53]} {[%emt 00:01:16]} 49. g4 {[%clk 00:50:37]} {[%emt 00:01:33]}
a1=Q {[%clk 00:00:41]} {[%emt 00:00:42]} 50. Rxa1 {[%clk 00:50:32]} {[%emt
00:00:34]} Bxa1 {[%clk 00:00:53]} {[%emt 00:00:19]} 0-1